000 00221nam a22000857a 4500
008 161215b xxu||||| |||| 00| 0 eng d
100 _92073
_aAnand B. R
245 _aABC of School atlas-7
260 _aNew Delhi
_bHoly Faith
_c2006
999 _c4947
_d4947